| 000 | 00665nam a2200181 i 4500 | ||
|---|---|---|---|
| 001 | 146268 | ||
| 003 | ES-MaACL | ||
| 007 | t| | ||
| 008 | 070906s1947 sp ||||1| spa d | ||
| 245 | 0 | 0 |
_aTratado de Pediatría / _cpor Ph. Bamberger, R. Degkwitz, E. Glanzmann [et. al] ; traducción de la tercera edicción alemana por los Doctores F. Sánchez-Saráchaga y Francisco Piñero. |
| 250 | _a2ª ed. | ||
| 260 |
_aBarcelona, etc : _bLabor S.A., _c1947. |
||
| 300 |
_aXVI, 867 p. : _bil. ; _c25 cm. |
||
| 700 | 1 |
_aBamberger, Ph. _925146 |
|
| 700 | 1 |
_aSánchez Sarachaga, F. _9102928 |
|
| 700 | 1 |
_aPiñero, Francisco. _992274 |
|
| 852 |
_aES-MaACL _jE-2343 _bR.25236 |
||
| 999 |
_c146268 _d146268 |
||